000 01060nam a2200277 a 4500
001 000024997
005 20200930023510.0
008 110201s1983 mx a r 001 0 spa d
020 _a9681614712
040 _aDO-SdBNP
_bspa
_cBNPHU
041 1 7 _aspa
_heng
_2Código de idiomas MARC
082 _ann*
_bnn*
100 1 _aRoth, David F.
_951298
240 1 4 _aThe comparative study of politics.
_lEspañol
245 1 0 _aEstudio comparativo de la política /
_cDavid F. Roth y Frank L. Wilson ; traducción de Eduardo L. Suárez.
260 _aMéxico, D. F. :
_bFondo de Cultura Económica,
_c1983.
300 _a642 p. :
_bil. ;
_c23 cm.
490 1 _aSección de Obras de Política y Derecho
534 _aTítulo original :
_tThe comparative study of politics
500 _aIncluye índice analítico.
500 _aIncluye referencias bibliográficas y notas al pie de las páginas.
700 1 _aWilson, Frank L.
_951299
700 1 _aSuárez, Eduardo L.,
_etr.
_950257
830 0 _aSección de Obras de Política y Derecho
_951300
049 _aBNGR
999 _c24490
_d24490